Statistics for The 50 Most Requested Dead By Daylight Killers

Click here to take the quiz!

General Stats

  • This quiz has been taken 29 times
  • The average score is 13 of 50

Answer Stats

Likely DBD NameKiller% Correct
The DollChucky
83%
The XenomorphXenomorph
83%
The CandymanCandyman
67%
The Dancing ClownPennywise
67%
The CountDracula
61%
The PredatorPredator
61%
The MothmanMothman
50%
The BabadookThe Babadook
50%
The CreeperThe Creeper
50%
The WendigoThe Wendigo
50%
The WerewolfWerewolf
50%
The Blair WitchBlair Witch
44%
The LeprachaunLeprechaun
44%
The SlendermanSlenderman
44%
The ThingThe Thing
44%
The MascotFreddy Fazbear
33%
The AnamatronicSpringtrap
33%
The SlasherJason Voorhees
28%
The PumpkinheadPumpkinhead
28%
The BabyfaceBabyface
22%
The Ink DemonBendy
22%
The Cannibalistic DoctorHannibal Lecter
22%
The ShimmerThe Shimmer
22%
The UbermorphThe Ubermorph
22%
The WalriderThe Walrider
22%
The Death AngelDeath Angel
17%
The TyrantMr. X
17%
The TankTank
17%
The FlesherThe Flesher
17%
The GrabberThe Grabber
17%
The Killer ClownArt the Clown
11%
The MinerHarry Warden
11%
The BusinessmanPatrick Bateman
11%
The CollectorThe Collector
11%
The KeeperThe Keeper
11%
The Wolf ManWolf Man
11%
The CaretakerJack Torrance
6%
The ReceptionistNorman Bates
6%
The Trick or TreaterSam
6%
The DemonAsmodeus
0%
The DeityBughuul
0%
The StudentCarrie
0%
The VariantChris Walker
0%
The PsychopathJacob Goodnight
0%
The Archduke of NightmaresPsycho Goreman
0%
The TetherRed
0%
The ServantServant Grunt
0%
The IntruderStanley
0%
The CreatureThe Creature From The Black Lagoon
0%
The CamperTommy Slater
0%

Score Distribution

Percentile by Number Answered

Percent of People with Each Score

Your Score History

You have not taken this quiz